| 000 | 00548nam a2200229 a 4500 | ||
|---|---|---|---|
| 001 | nice12345678 | ||
| 003 | IN_TiNIC | ||
| 005 | 20260116011710.0 | ||
| 008 | 050524s1941 hyda grp 000 0 urd | ||
| 020 |
_a _c100 |
||
| 082 | 0 | 0 |
_a150 _bHEA |
| 100 | _aHeart, Bernard | ||
| 245 | _aNafsiyat-E-Junoon | ||
| 260 |
_aHyderabad _bDarut Taba Jamia Osmania sarkar aali _c1941 |
||
| 300 | _a128p | ||
| 500 | _aincludes index and biblioraphy | ||
| 505 | 2 | _aIndex | |
| 700 | 1 | _aHeart, Bernard | |
| 902 | _bSRS | ||
| 942 | _cBK | ||
| 999 |
_c3451 _d3451 |
||